| 000 | 00539nam a2200205Ia 4500 | ||
|---|---|---|---|
| 005 | 20260429112210.0 | ||
| 008 | 260429s9999||||xx |||||||||||||| ||und|| | ||
| 020 | _a9789390063000 | ||
| 041 | _aEnglish | ||
| 082 |
_a305.891 _bMOR |
||
| 100 | _aMorris, Charles | ||
| 245 | 0 |
_aAryan race : _bits origin and its achievements / _cCharles Morris |
|
| 250 | _a1st ed. | ||
| 260 |
_aChennai : _bMaven Books, _c2023. |
||
| 300 | _avi, 347 p.; hb | ||
| 650 | _a Ancient history | ||
| 650 | _a Ethnology | ||
| 650 | _aAryans | ||
| 942 | _cTB | ||
| 999 |
_c52847 _d52847 |
||